000 004180000a22001690004500
041 0 _aSPA
082 0 4 _aG 261.1 C3921j
110 1 _aCELAM
245 1 0 _aIglesia y universidad en América Latina / CELAM
260 _aBogotá, Colombia : CELAM
300 _a141 Pag
001 6774
942 _cBK
999 _c37037
_d37037
336 _atexto
_btxt
_2rdacontent
337 _2rdamedia
_asin mediación
_bn
338 _2rdacarrier
_avolumen
_bnc